000 00712nam a22002417a 4500
999 _c328176
_d328176
001 42052
003 UA-OsUOA
005 20200310141322.0
007 ta
008 20061024b un ||||| |||| 00| 0 ukr d
020 _a9665381490
040 _aUA-OsUOA
_bukr
_cUA-OsUOA
_dUA-OsUOA
041 _aukr
080 _a821,161,2
090 _a821,161,2
_bЛ48
100 _aЛепкий Б. С.
245 _aМазепа. Не вбивай. Батурин: трилогія
_b історична повість
260 _aДрогобич
_bВідродження
_c2004
300 _a568 с.
650 7 _a82 Література. Літературознавство
_2UDC
942 _cBK
_2udc
955 _a3